| 000 | 00928cam a2200253 a 4500 | ||
|---|---|---|---|
| 001 | 2220 | ||
| 005 | 20231110114423.0 | ||
| 020 | _a0439098289 | ||
| 040 |
_aDLC _cDLC _dDLC _beng |
||
| 050 | 0 | 0 |
_aPZ7.H62964 _bSt 2000 |
| 082 | 0 | 0 |
_a813.54 _221 |
| 100 | 1 | _aHite, Sid | |
| 245 | 1 | 0 |
_aStick and Whittle / _cSid Hite. |
| 250 | _aFirst Scholastic paperback printin, November 2001 | ||
| 260 |
_aNew York : _bScholastic, _c2000 |
||
| 300 |
_a202 pages : _c19 cm |
||
| 505 | _aQ | ||
| 520 | _aIn 1872, while journeying from Texas to Kansas, a Civil War veteran named Melvin meets a sixteen-year-old orphan, another Melvin, and they give each other nicknames and become partners and traveling companions on an exciting adventure. | ||
| 521 |
_a880 _bLexile |
||
| 650 | 1 |
_aFrontier and pioneer life _zWest (U.S.) _vFiction. |
|
| 650 | 1 |
_aOrphans _vFiction. |
|
| 906 |
_a7 _bcbc _corignew _d1 _eocip _f19 _gy-gencatlg |
||
| 942 |
_2ddc _cBK _n0 |
||
| 999 |
_c2220 _d2220 |
||